000 00745pam a2200217 a 4500
001 2013643
005 20250325135220.0
008 910208s1992 enk b 001 0 eng
020 _a0415059658 (cloth)
020 _a0415068894 (paper)
050 0 0 _aHD8005.6.G7
_bB43 1992
082 0 0 _a331/.04135/0000941
_220
100 1 _aBeaumont, P. B.
_q(Phil B.)
245 1 0 _aPublic sector industrial relations /
_cP.B. Beaumont.
260 _aLondon ;
_aNew York :
_bRoutledge,
_c1992.
300 _axv, 217 p. ;
_c23 cm.
650 0 _aCollective bargaining
_xGovernment employees
_zGreat Britain.
650 0 _aEmployee-management relations in government
_zGreat Britain.
650 0 _aGovernment employee unions
_zGreat Britain.
942 _2lcc
_cBK
_n0
999 _c5195
_d5195